000 01053nam a2200229Ia 4500
003 Ost
005 20260507075719.0
008 260507s9999||||xx |||||||||||||| ||und||
020 _a978993174826
040 _cfsecg
041 _aara
082 _a332.642
100 _aبوعيطة، عبد الرزاق
_eمؤلف
245 0 _aأسواق مالية ودولية /
_c عبد الرزاق بوعيطة
260 _aالجزائر:
_bدار الباحث للنشر والإشهار,
_c2020
300 _a101 صفحة؛
_bإيضاحات ؛
_c24 سم
504 _aمراجع ص.98 موجه لطلبة الليسانس والماستر والمهنيين
520 _aمدخل للأسواق المالية، عناصر السوق المالي، أدوات الاستثمار في أسواق رأس المال، عمليات البورصة، تسعير الأوراق المالية، السوق المالية الاسلامية الدولية.
653 _aالأسواق المالية
653 _aالبورصات
942 _cكتاب
999 _c45934
_d45934